1774 1697 1082 1114 1443 1330 1814 1765 1583 1774 1761 1549 1286 1906 1188 1683 1167 1221 1952 1262 1162 1759 1679 1324 1486 1800 1629 1064 1410 1486 1536 1560 1549 1953 1118 1894 1807 1256 1175 1748 1679 1909 1895 1222 1943 1904 1878 1181 1246 1927 1348 1645 1473 1641 1482 1309 1935 1469 1190 1134 1400 1611 1502 1705 1926 1112 1452 1428 1658 1573 1456 1301 1100 1219 1461 1423 1392 1140 1826 1643 1477 1024 1512 1854 1521 1310 1310 1368 1380 1701 1942 1703 1158 1229 1689 1736 1628 1095 1213 BCNSPRNW ULIB Ver.6.0+V

เปลี่ยนเป็นภาษาไทย

Change to English
 แสดงรายละเอียดบรรณานุกรม
  กลับหน้าหลัก

Brief Record : Get Marc (ISO 2709) : E-mail record : QR code < ปิดหน้าต่าง
LEADER : 00000nam 2200000uu 4500
001    13399124344
003     ULIB
008    150511s2553||||th 000 0 tha d
020    ^a9786162141751
099    ^aนว ว257อ
100    ^aวรรณวรรธน์
245    ^aอขิทโร ลูกปัดสิเน่หา เล่ม 2
250    ^aพิมพ์ครั้งที่ 1
260    ^aกรุงเทพฯ :^bณ บ้านวรรณกรรม กรุ๊ป,^c2553
300    ^a282 หน้า
650    ^aวรรณวรรธน์^xนิยาย
945    ^p240^l0^i039388
999    ^aเกษร โพธิ์สุวรรณ
รายการนี้ยังไม่มีแท็ก
คุณยังไม่ได้ล็อกอิน คุณสามารถมีกิจกรรมร่วมกับเว็บไซต์ได้ แต่ต้องล็อกอินก่อน ::
  ล็อกอิน

รายการสื่อสารสนเทศ

ลำดับที่ ประเภท เลขเรียก/บาร์โค้ด สถานที่ สถานะ
1. นวนิยาย
นวนิยาย
นว ว257อ ฉ.1 
  Barcode: 039388
ห้องสมุดวิทยาเขตสวรรค์ประชารักษ์
►นวนิยาย
บนชั้น
  ขอยืม

รายการใกล้เคียง
    ผู้แต่ง [วรรณวรรธน์]

BibComment


ยังไม่เคยถูกคอมเมนท์

คอมเมนท์ทรัพยากรรายการนี้
  คอมเมนท์: อขิทโร ลูกปัดสิเ..


 Copyright 2026. Bcnsprnw @Library